| 000 | 01155nam a22002897i 4500 | ||
|---|---|---|---|
| 003 | EG-GICUC | ||
| 005 | 20260121101434.0 | ||
| 008 | 251206s1932 fr ||||fr|||| 00| 0 fre d | ||
| 040 |
_aEG-GiCUC _bfre _cEG-GiCUC _dEG-GiCUC _eRda |
||
| 041 | _afre | ||
| 082 | 0 | 4 |
_221 _a341.2104904 _bGA . O |
| 092 | 0 | 4 | _221 |
| 099 | _aLaw1 11 341.2104904 GA . O 1932 | ||
| 100 | 1 |
_aGavrīlovīć, Stojan _eAuteur |
|
| 245 | 1 | 2 |
_aL'organisation des commissions de conciliation d'après les traités suisses : _bcontribution à l'étude des effets du fait nouveau de la Société des nations dans le domaine de la politique et du droit international / _cPar Stojan Gavrilović. |
| 264 | 1 |
_aParis : _bRecueil Sirey, _c1932. |
|
| 300 |
_axx, 222 pages ; _c 24 cm. |
||
| 336 |
_2rda contenu _a texte |
||
| 337 |
_2rda medias _aOrdinateur |
||
| 338 |
_2 transporteur rda _a Ressource en ligne |
||
| 504 | _aBibliography: page vii-xv. | ||
| 546 | _aTexte en français | ||
| 650 | 1 | 4 |
_aOrganisations internationales _xDroit international public _zSuisse |
| 856 | 4 | 0 | _uhttps://fll.law.cu.edu.eg/fulltext/bks/B11-05041.pdf |
| 905 |
_a75 _eHassnaa |
||
| 942 |
_2ddc _cBK _e21 _n0 |
||
| 999 |
_c48661 _d48661 |
||